000 00406nam a2200157Ia 4500
008 190516s9999 xx 000 0 und d
100 _aTomada, Nathalie
245 _aGoyo makes history/
245 _cNathalie Tomada
260 _bThe Philippine Star
260 _c2018
300 _aPage C6, August 27
440 _aThe Philippine Star
_v33: 31
650 _ahistory
650 _amade for tv movies
999 _c361880
_d361880